| Registos Bibliográficos associados ao registo de autoridade |
|
Etiqueta de registo: 00000nkm 2200025 450 001 2262577 003 http://id.bnportugal.gov.pt/bib/catbnp/2262577 100 ## $a20260206d1991 m y0pory01030103ba 101 0# $apor 102 ## $aPT 200 1# $a7.ª Enic, exposição nacional de informática, comunicação, burótica, microfilme e disco
óptico, 2ª soft-expo, Forum Picoas, Lisboa, 8 a 11 de outubro 1991$bVisual gráfico]$fSocedite, Lda. 210 #9 $a[Lisboa]$cSocedite, Lda.,$d1991 215 ## $a1 cartaz$ccolor.$d68,5x48,5 cm 317 ## $aColeção Madeira Luís 675 ## $a766(=1:469)"1991"(084.5)$vBN$zpor$31993355 710 02 $aExposição Nacional de Informática, Comunicação, Burótica, Microfilme e Disco Óptico,$d7,$eLisboa,$f1991$31984149 711 02 $aSocedite$3180603 801 #0 $aPT$bBN$gRPC 966 ## $lBN$mICONOG$sCT. 19915 A.$x3 971 ## $cCaticonografia5$d20260206 995 ## $aPRR2026 $d20260206$iCaticonografia5
|
|
|